Structural changes in Japan's economic development

Gorde:
Xehetasun bibliografikoak
Formatua: Liburua
Hizkuntza:Undetermined
Argitaratua: Tokyo Kinokuniya Book-Store 1974
Gaiak:
Etiketak: Etiketa erantsi
Etiketarik gabe, Izan zaitez lehena erregistro honi etiketa jartzen!
Thư viện lưu trữ: Trung tâm Học liệu Trường Đại học Cần Thơ
LEADER 00488nam a2200181Ia 4500
001 CTU_99408
008 210402s9999 xx 000 0 und d
082 |a 330.952 
082 |b S556/1974 
245 0 |a Structural changes in Japan's economic development 
260 |a Tokyo 
260 |b Kinokuniya Book-Store 
260 |c 1974 
650 |a Japan 
650 |x Economic conditions 
650 |y 1986- 
904 |i Tuyến 
980 |a Trung tâm Học liệu Trường Đại học Cần Thơ